00230nam a2200073Ia 4500008004100000100001500041245007000056260003000126170817s9999 xx 000 0 und d aPathak.P.D 0aHistory Development And Contemporary Problems Of Indian Education bKanishka Publishers Delhi